000 01015nam a2200241Ia 4500
003 GCL
008 140319s9999 xx 000 0 ara d
040 _aGCL /
_cGCL
082 0 4 _a810.972
_bم ف
100 1 _aمحمد كامل حسين
245 1 0 _aفى الادب المصرى الاسلامى: من الفتح الاسلامى الى دخول الفاطميين /
_cمحمد كامل حسين
300 _a290 ص
490 _aالهيئة العامة للاستعلامات
_v0
650 0 4 _aالدولة العباسية الثانية
650 0 4 _aالدولة العباسية
650 0 4 _aالادب العربى - تاريخ
650 0 4 _aالادب العربى - العصر الاسلامى
650 0 4 _aالادب العربى - مصر
650 0 4 _aالادب العربى - عصر صدر الاسلام
650 0 4 _aالادب العربى - مصر - تاريخ ونقد
650 0 4 _aالادب العربى - تاريخ ونقد - العصر العباسى
942 _2ddc
_cBK
999 _c50818
_d50818